| 000 | 00737nam a2200229 a 4500 | ||
|---|---|---|---|
| 001 | 000025050 | ||
| 005 | 20200930023531.0 | ||
| 008 | 110201s2000 pr a r 000 | spa d | ||
| 020 | _a1563281732 | ||
| 040 |
_aDO-SdBNP _bspa _cBNPHU |
||
| 041 | 1 | 7 |
_aeng _hspa _2Código de idioma MARC |
| 082 |
_a808.5 _bG216h |
||
| 100 | 1 |
_aGarcía del Toro, Antonio _951394 |
|
| 245 | 1 | 0 |
_aHablemos claro : _bde la idea a la expresión oral / _cAntonio García del Toro. |
| 260 |
_aRío Piedras, (Puerto Rico) : _bEditorial Plaza Mayor, _c2000. |
||
| 300 |
_a351 p. : _bil. ; _c26 cm. |
||
| 650 | 4 |
_aHablar en público _98143 |
|
| 650 | 4 |
_aComunicación oral _912102 |
|
| 650 | 4 |
_aOratoria _91172 |
|
| 650 | 4 |
_aLenguaje y lenguas _9407 |
|
| 049 | _aBNGR | ||
| 999 |
_c24543 _d24543 |
||